Countries with the Lowest Electricity Production - Statistics

General Stats
  • This quiz has been taken 18 times
  • The average score is 6 of 10
Answer Stats
Production Countries % Correct
0.06 Vanuatu
88%
0.05 Tonga
81%
0.13 Samoa
69%
0.04 Comoros
63%
0.03 Kiribati
63%
0.16 Saint Vincent and the Grenadines
56%
0.10 Solomon Islands
56%
0.07 São Tomé and Príncipe
50%
0.11 Dominica
31%
0.04 Guinea Bissau
0%
No matching quizzes found
Score Distribution
Percent of People with Each Score
Percentile by Number Answered
Your Score History
You have not taken this quiz